000 00820cab a2200253 4500
001 WB3421-27
008 090401t1998 xxu||||| |||| 00| 0 eng d
035 _a(Sirsi) u86588
041 _aeng
245 _aHungry housing
260 _c1998
350 _a0
490 _aFinancial Times
_v4 June 1998, 10
490 _aBirmingham Post
_v4 June 1998, 36(1)
520 _aA Council for the Protection of Rural England booklet, "Hungry for Housing" claims that not enough attention has been given to the impact on resources that 4.4m new houses will create.
650 _aCOUNCIL FOR THE PROTECTION OF RURAL ENGLAND
650 _aENVIRONMENTAL RESOURCES
650 _aNEW HOMES
650 _aWASTE DISPOSAL
650 _aWATER SUPPLY
690 _aHOUSING-DEVELOPMENT
942 _n0
948 _c04/06/1998
999 _c54515
_d54515